Por qué no he de llorar / (Registro nro. 7105)

Detalles MARC
000 -LIDER
fixed length control field 00719nam a2200253 a 4500
001 - NÚMERO DE CONTROL
Identificador de número de control 000000463
003 - IDENTIFICACDOR DE NÚMERO DE CONTROL
control field 000000463
005 - DATE AND TIME OF LATEST TRANSACTION
control field 20180510125829.0
008 - ELEMENTOS DE LONGITUD FIJA
fixed length control field 081117s2007 dr 000 f spa d
020 ## - ISBN
International Standard Book Number 9993401374
040 ## - FUENTE DE CATALOGACIÓN
Agencia que crea de manera original el registro BPMSU
Idioma de catalogación spa
Agencia que realiza la transcripción BPMSU
092 ## - LOCALLY ASSIGNED DEWEY DECIMAL CALL NUMBER
Número de clasificación RD863.44
Número de ítem (Cutter) S787p, 2007
100 1# - ASIENTO PRINCIPAL -- NOMBRE PERSONAL
Nombre personal Stanley, Avelino,
Fechas asociadas con el nombre 1959-
245 10 - MENCIÓN DE TITULO
Título Por qué no he de llorar /
Mención de responsabilidad Avelino Stanley
250 ## - MENCIÓN DE EDICION
Mención de edición 5a ed.
260 ## - PUBLICACIÓN, DISTRIBUCIÓN, ETC. (PIE DE IMPRENTA)
Lugar de publicación, distribución, etc Santo Domingo :
Nombre del editor, distribuidor, etc. Cocolo,
Fecha de publicación, distribución, etc 2007.
300 ## - DESCRIPCIÓN FÍSICA
Extensión 150 p. ;
Dimensiones 22 cm.
650 #4 - ENCABEZAMIENTO DE MATERIA--TEMÁTICO
Término temático o nombre geográfico como elemento de entrada NOVELA DOMINICANA
650 #4 - ENCABEZAMIENTO DE MATERIA--TEMÁTICO
Término temático o nombre geográfico como elemento de entrada LITERATURA DOMINICANA
910 ## - VALIDACIÓN
Validación Validado. Control de calidad BNPHU
942 ## - ADDED ENTRY ELEMENTS (KOHA)
Source of classification or shelving scheme Dewey Decimal Classification
Koha item type Libros
945 ## - INFORMACIÓN DE PROCESAMIENTO LOCAL
Información de procesamiento local Inventariado, 2017 /VM
956 ## - LOCAL ELECTRONIC LOCATION AND ACCESS (OCLC)
Nombre de host VMATEO
Número de acceso 10
Información de compresión 20151119
Inicio de sesión BPMSU
Procesador de solicitud 0069
Existencias
Withdrawn status Lost status Source of classification or shelving scheme Damaged status Not for loan Collection code Home library Current library Date acquired Source of acquisition Total Checkouts Full call number Barcode Date last seen Copy number Price effective from Koha item type
    Dewey Decimal Classification     Colección Juvenil Dominicana Biblioteca Pública Metropolitana Salomé Ureña Biblioteca Pública Metropolitana Salomé Ureña 07/08/2014 Compra   RD 863.44 S787p BPMSU15040482 07/08/2014 07/08/2014 Libros
    Dewey Decimal Classification     Colección Juvenil Dominicana Biblioteca Pública Metropolitana Salomé Ureña Biblioteca Pública Metropolitana Salomé Ureña 07/08/2014 Compra   RD863.44 S787p BPMSU15040483 07/08/2014 e. 2 07/08/2014 Libros